Reasonable Doubt - JAY-Z - Statistics

General Stats
  • This quiz has been taken 3 times
  • The average score is 9 of 14
Answer Stats
Songs Plays Artists % Correct
Brooklyn's Finest 39,368,485 JAY-Z, The Notorious B.I.G.
100%
Can't Knock The Hustle 39,610,414 JAY-Z, Mary J. Blige
100%
Dead Presidents II 56,098,875 JAY-Z
100%
D'evils 17,810,436 JAY-Z
100%
22 Two's 7,643,175 JAY-Z
50%
Ain't No N*gga 13,205,507 JAY-Z, Foxy Brown
50%
Bring It On 4,976,861 JAY-Z, Big Jaz, Sauce Money
50%
Cashmere Thoughts 5,103,567 JAY-Z
50%
Coming Of Age 5,796,451 JAY-Z, Memphis Bleek
50%
Feelin' It 27,696,048 JAY-Z, Mecca
50%
Friend Or Foe 5,261,878 JAY-Z
50%
Politics As Usual 13,083,739 JAY-Z
50%
Regrets 5,501,021 JAY-Z
50%
Can I Live 14,156,528 JAY-Z
0%
No matching quizzes found
Score Distribution
Percent of People with Each Score
Percentile by Number Answered
Your Score History
You have not taken this quiz